Autobahnen in Brandenburg - Statistiken

Allgemein
  • Dieses Quiz wurde 272 mal gespielt
    114 seit der letzten Aktualisierung
  • Das Durchschnittsergebnis liegt bei 12 aus 15
Antwortstatistiken
Länge Autobahn % Korrekt
45,3 km A2
100%
189,5 km A10
98%
90 km A11
96%
127 km A13
96%
57,3 km A12
93%
100 km A24
93%
46,2 km A9
91%
63,8 km A15
90%
12,1 km A14
83%
13,6 km A19
73%
22,4 km A20
73%
9,1 km A113
70%
11,3 km A111
63%
16,9 km A115
62%
3 km A117
53%
Keine übereinstimmenden Quizze gefunden
Verteilung der Resultate
Anzahl Personen mit jedem Resultat
Perzentil nach korrekt beantworteten Fragen
Ihre Resultats-Entwicklung
Sie haben dieses Quiz seit der letzten Aktualisierung nicht gespielt